| 000 -LEADER |
| fixed length control field |
00826nam a22001937a 4500 |
| 005 - DATE AND TIME OF LATEST TRANSACTION |
| control field |
20211007141452.0 |
| 008 - FIXED-LENGTH DATA ELEMENTS--GENERAL INFORMATION |
| fixed length control field |
211007s2021 enk||||| |||| 00| 0 eng d |
| 020 ## - INTERNATIONAL STANDARD BOOK NUMBER |
| International Standard Book Number |
9789811597886 |
| 041 ## - LANGUAGE CODE |
| Language code of text/sound track or separate title |
eng |
| 080 ## - UNIVERSAL DECIMAL CLASSIFICATION NUMBER |
| Universal Decimal Classification number |
371 T-29 |
| 245 ## - TITLE STATEMENT |
| Title |
Teacher as Designer : |
| Remainder of title |
Design Thinking for Educational Change / |
| Statement of responsibility, etc. |
Editors David Scott, Jennifer Lock,. |
| 264 ## - PRODUCTION, PUBLICATION, DISTRIBUTION, MANUFACTURE, AND COPYRIGHT NOTICE |
| Place of production, publication, distribution, manufacture |
Calgary : |
| Name of producer, publisher, distributor, manufacturer |
Springer, |
| Date of production, publication, distribution, manufacture, or copyright notice |
2021. |
| 300 ## - PHYSICAL DESCRIPTION |
| Extent |
156 p. |
| Other physical details |
23 cm. |
| 653 ## - INDEX TERM--UNCONTROLLED |
| keyword |
მასწავლებელი, როგორც დიზაინერი |
| 653 ## - INDEX TERM--UNCONTROLLED |
| keyword |
დიზაინის აზროვნება საგანმანათლებლო ცვლილებებისთვის |
| 700 ## - ADDED ENTRY--PERSONAL NAME |
| Personal name |
Scott, David |
| Relator term |
რედაქტორი |
| 9 (RLIN) |
12623 |
| 700 ## - ADDED ENTRY--PERSONAL NAME |
| Personal name |
Lock, Jennifer |
| Relator term |
რედაქტორი |
| 9 (RLIN) |
12624 |
| 942 ## - ADDED ENTRY ELEMENTS (KOHA) |
| Source of classification or shelving scheme |
|
| Koha item type |
წიგნი |